| 000 | 00000nam##2200000za#4500 |
| 001 | 9.686280 |
| 003 | CaOODSP |
| 005 | 20210624230449 |
| 007 | cr ||||||||||| |
| 008 | 150407|2002||||xxc|||||o f|0| 0 eng|d |
| 020 | |a0-662-31820-X |
| 040 | |aCaOODSP|beng |
| 043 | |an-cn--- |
| 086 | 1 |aSC94-91/2002E-PDF |
| 110 | 1 |aCanada.|bCanadian Centre for Management Development. |
| 245 | 10|aCreating common purpose : |h[electronic resource]|bthe integration of science and policy in Canada's public service / |cby L. Sarah Wren. |
| 246 | 3 |aCCMD roundtable on science and public policy |
| 260 | |bCanadian Centre for Management Development |c[2002]. |
| 300 | |a41p.|bfigs., references, table |
| 500 | |aThe catalogue number (SC94-91/2002) and ISBN (0-662-66411-6) for the bilingual print edition have been incorrectly copied in this electronic publication. |
| 590 | |a12-16-Supp|b2012-04-17 |
| 690 | 07|aFederal government|2gcpds |
| 690 | 07|aIntegration|2gcpds |
| 690 | 07|aPolicy|2gcpds |
| 690 | 07|aPublic service|2gcpds |
| 690 | 07|aSciences|2gcpds |
| 720 | 1 |aWren, L. Sarah |
| 775 | 08|tSe donner un but commun : |w(CaOODSP)9.630757 |
| 776 | 0#|tCreating common purpose : |w(CaOODSP)9.663569 |
| 776 | 0#|tSe donner un but commun : |w(CaOODSP)9.663570 |
| 856 | 40|ahttp://publications.gc.ca|qPDF|s2.01 MB|uhttps://publications.gc.ca/collections/Collection/SC94-91-2002E.pdf |